00439nam a2200109Ia 4500008004100000100003100041245012200072260002600194300001800220650001200238856007900250160712s9999 xx 000 0 und d aBalela, Mary Donnabelle L. cMary Donnabelle L. Balela,aFormation of Highly Antimicrobial Copper Nanoparticles by Electroless Deposition in Water c2015bScience Diliman avol. 27 no. 2 xSCIENCE uhttp://journals.upd.edu.ph/index.php/sciencediliman/issue/view/511/showToc